| 000 | 00443nam a2200169 a 4500 | ||
|---|---|---|---|
| 001 | 8030 | ||
| 003 | CO-ViMGA | ||
| 008 | 141112s2004 ck r 000 u spa d | ||
| 040 |
_aCO-ViMGA _bspa _cCO-ViMGA |
||
| 082 | 0 | 4 | _a813.5 S223a |
| 100 | 1 |
_aScheff, Michael; Spector, David _97645 |
|
| 245 | 1 | 0 | _aAeropuerto 77 |
| 260 |
_aBogotá, _cCirculo de lectores, _c1977 |
||
| 300 | _a287.p. | ||
| 650 | 1 | 4 |
_aNOVELA ESTADOUNIDENSE _9761 |
| 942 |
_2ddc _cBK |
||
| 999 |
_c19852 _d19852 |
||